000 00601nam a2200193Ia 4500
008 131103s9999 xx 000 0 und d
020 _a1405138947
_cRs 295
040 _aLoreto College
041 _aEnglish
082 _a150.72/FOR
_bLCLIB/EduSem563/46244
245 _aYour undergraduate psychology project
_b A BPS guide
_cMark Forshaw
260 _aMalden, MA, USA
_bBlackwell Publishing
_c2004
300 _avii,122p
_c 23 cm
504 _aIncludes bibliographical references and index
650 _aPsychology
651 _aPsychology Project
850 _aLCLIB/150.72/FOR
942 _cBK
999 _c18604
_d69083